Statistiken für Gastgeberstädte der Weltausstellungen

Klicken Sie hier um das Quiz zu spielen!

Allgemein

  • Dieses Quiz wurde 126 mal gespielt
  • Das Durchschnittsergebnis liegt bei 19 aus 34

Antwortstatistiken

JahrStadt% Korrekt
1900Paris
97%
1867Paris
97%
1937Paris
97%
1878Paris
97%
1889Paris
97%
1855Paris
97%
1851London
93%
1862London
93%
1939New York
90%
1929Barcelona
74%
1888Barcelona
74%
1906Mailand
72%
2015Mailand
72%
2000Hannover
68%
1873Wien
65%
1897Brüssel
64%
1910Brüssel
64%
1935Brüssel
64%
1958Brüssel
64%
1893Chicago
41%
1933/34Chicago
41%
1915San Francisco
37%
1911Turin
36%
2010Shanghai
31%
1880Melbourne
30%
1967Montreal
28%
1970Osaka
24%
1992Sevilla
20%
1904St. Louis
19%
1962Seattle
15%
1876Philadelphia
14%
1913Gent
10%
1905Lüttich
8%
1949Port-au-Prince
5%

Verteilung der Resultate

Perzentil nach korrekt beantworteten Fragen

Anzahl Personen mit jedem Resultat

Ihre Resultats-Entwicklung

Sie haben dieses Quiz noch nicht gespielt